Fundamentos de los microprocesadores : teoría y problemas resueltos /

Proporciona al lector los temas básicos generalmente cubiertos en un primer curso de microprocesadores. Contiene 1000 problemas prácticos sobre microprocesadores y microcomputadoras.

Guardat en:
Dades bibliogràfiques
Autor principal: Tokheim, Roger L. (autor)
Format: Llibre
Idioma:espanyol
Publicat: México : McGraw-Hill, 1985, c1983
Col·lecció:(Compendios Schaum) [s.n.]
Matèries:
Etiquetes: Afegir etiqueta
Sense etiquetes, Sigues el primer a etiquetar aquest registre!

MARC

LEADER 00000nam^a2200000^a^4500
001 000000631
005 20250521000000.0
009 20260310083036.287
020 |a 968-451-577-4 
037 |a Acervo ITESO - Biblioteca 
041 |a ESP 
082 |a 621. 391  |b TOK 
100 |a Tokheim, Roger L.  |e (autor) 
245 1 0 |a Fundamentos de los microprocesadores :  |b teoría y problemas resueltos /  |c R.L. Tokheim ; tr. por José Gerardo Lara Portal. 
264 4 |a México :  |b McGraw-Hill,  |c 1985, c1983 
300 |a 399 p. 
336 |a texto  |b txt  |2 rdacontenido 
337 |a sin mediación  |b n  |2 rdamedio 
338 |a volumen  |b nc  |2 rdasoporte 
440 1 |a (Compendios Schaum) [s.n.] 
500 |a Traducción de: Schaum's Outline of Microprocessor Fundamentals 
520 |a Proporciona al lector los temas básicos generalmente cubiertos en un primer curso de microprocesadores. Contiene 1000 problemas prácticos sobre microprocesadores y microcomputadoras. 
649 |a XX 
650 |a Minicomputadoras 
650 |a Ingeniería Computacional 
910 |a Fondo General 
920 |a Impresos - Libros 
930 |a Colección General 
905 |a 101 
901 |a 0006310100  |b IT1  |c ACC  |i 000631  |u 20250521 
902 |a https://opac.biblio.iteso.mx/vufind/Record/000000631